00377nam a22001337a 4500008004100000020001800041082001700059100002200076241002600098245005100124260004100175300000900216650001800225240624b |||||||| |||| 00| 0 eng d a9789937129107 aN306.7/S879m aSharma, Dipak Raj aMa kina bihe gardina? aम किन बिहे गर्दिन? aBaitadi:bDipak Raj Sharma,c2079BS. b72p. asexual ethics